|
|
|
|
| LEADER |
00000nab a2200000 a 4500 |
| 001 |
vtls000272000 |
| 003 |
SK-MaSNL |
| 005 |
20260302213643.0 |
| 008 |
111130c1987 xo 0 slo |
| 015 |
|
|
|a SNBRB19rr/mm-uuuuu
|
| 035 |
|
|
|a CL0282114
|
| 040 |
|
|
|a SNKBUCL
|b slo
|c SNKBUCL
|e AACR2
|
| 041 |
0 |
|
|a slo
|
| 044 |
|
|
|a xo
|c SK
|
| 080 |
|
|
|a 327(100-11)(47)
|2 1981
|
| 080 |
|
|
|a 327.37
|2 1981
|
| 080 |
|
|
|a 623.462.143
|2 1981
|
| 245 |
0 |
0 |
|a Americké polená pod nohy dohode
|b V. Karpov: USA spochybňujú možnosť likvidácie "eurorakiet"
|
| 650 |
0 |
7 |
|a mier
|2 snkbucl
|9 1720
|
| 650 |
0 |
7 |
|a boj za mier
|2 snkbucl
|9 308624
|
| 650 |
0 |
7 |
|a odzbrojenie
|2 snkbucl
|9 1721
|
| 650 |
0 |
7 |
|a rakety stredného doletu
|2 snkbucl
|9 939924
|
| 651 |
|
7 |
|a Sovietsky zväz
|2 snkbucl
|9 22126
|
| 655 |
|
7 |
|a články z novín a časopisov
|2 snkbucl
|9 267496
|
| 773 |
0 |
|
|t Pravda
|g Roč. 68, č. 72 (27. 3. 1987), s. 7
|
| 850 |
|
|
|a Slovenská národná knižnica v Martine
|a MTA001
|
| 852 |
|
|
|a SNK
|b KIS3GCP
|
| 958 |
|
|
|a RK
|
| 958 |
|
|
|a SU
|
| 992 |
|
|
|a RBX
|
| 999 |
|
|
|c 1494413
|d 1496343
|